Κρητών παιδεία : η παιδεία στην τουρκοκρατούμενη και αυτόνομη Κρήτη : η περιοχή Αρκαλοχωρίου, Καστελλίου και Βιάννου
Αποθηκεύτηκε σε:
| Κύριος συγγραφέας: | |
|---|---|
| Μορφή: | Βιβλίο |
| Γλώσσα: | Greek |
| Δημοσίευση: |
Ηράκλειο :
[χ.ό.],
2013.
|
| Θέματα: | |
| Ετικέτες: |
Προσθήκη ετικέτας
Δεν υπάρχουν, Καταχωρήστε ετικέτα πρώτοι!
|
MARC
| LEADER | 00000cam a2200000 i 4500 | ||
|---|---|---|---|
| 001 | 1/54171 | ||
| 008 | 140829s2013 gr | ||| |||| ||gre|| | ||
| 020 | |a 9789609347112 | ||
| 035 | |l 10118799 | ||
| 040 | |a GR-MyUa |b gre |e AACR2 | ||
| 041 | 0 | |a gre | |
| 082 | 7 | |a 370.9 |2 (23) | |
| 100 | 1 | |a Μακράκης, Μανόλης Κ., |d 1962- | |
| 245 | 1 | 0 | |a Κρητών παιδεία : |b η παιδεία στην τουρκοκρατούμενη και αυτόνομη Κρήτη : η περιοχή Αρκαλοχωρίου, Καστελλίου και Βιάννου / |c Μανόλης Μαρκάκης. |
| 260 | |a Ηράκλειο : |b [χ.ό.], |c 2013. | ||
| 300 | |a 683 σ. : |b φωτ., εικ. ; |c 24 εκ. | ||
| 504 | |a Βιβλιογραφία: σ. 659-668. Ευρετήριο. | ||
| 650 | 0 | |a Education |z Greece |z Crete. | |
| 650 | 0 | |a Education |z Greece |z Erakleion (Nome) | |
| 650 | 0 | |a Education and state |z Greece |z Crete. | |
| 650 | 0 | |a Education and state |z Greece |z Erakleion (Nome) | |
| 650 | 0 | |a Schools |z Greece |z Crete. | |
| 650 | 0 | |a Schools |z Greece |z Erakleion (Nome) | |
| 852 | |a INST |b RHODES |e 20140829 |h 370.9 ΜΑΚ |p 005400036666 |q 005400036666 |t BK |y 0 | ||
| 901 | |a BIBL4-2014-2 | ||
| 970 | |z 2014/08/29 | ||